[Event "Mumbai Mayors Cup 3rd"]
[Site "Mumbai"]
[Date "2010.06.02"]
[Round "1"]
[White "Satra, Pravesh"]
[Black "Kravtsiv, Martyn"]
[Result "1/2-1/2"]
[WhiteElo "1817"]
[BlackElo "2546"]
[PlyCount "44"]
[EventDate "2010.06.02"]
[EventType "swiss"]
[EventRounds "11"]
[EventCountry "IND"]
[SourceTitle "CBM 136 Extra"]
[Source "ChessBase"]
[SourceDate "2010.07.02"]
[SourceVersion "2"]
[SourceVersionDate "2010.07.15"]
[SourceQuality "1"]

1. d4 Nf6 2. Nf3 e6 3. Bf4 c5 4. c3 Nc6 5. e3 d5 6. Bd3 Bd6 7. Bg3 Qe7 8. Nbd2 0-0 9. Ne5 Nd7 10. f4 f5 11. Ndf3 Bxe5 12. fxe5 c4 13. Bc2 b5 14. 0-0 Rb8 15. Bh4 Qe8 16. Qe1 a5 17. Qg3 b4 18. Ng5 bxc3 19. bxc3 Rb2 20. Rf2 Rb6 21. Nh3 Ne7 22. Bd1 Kh8 1/2-1/2

[Event "IND-ch U15"]
[Site "Mumbai"]
[Date "2009.11.07"]
[Round "9"]
[White "Tejas, Ravichandran"]
[Black "Satra, Pravesh"]
[Result "1-0"]
[WhiteElo "2203"]
[BlackElo "1740"]
[PlyCount "47"]
[EventDate "2009.11.01"]
[EventType "swiss"]
[EventRounds "11"]
[EventCountry "IND"]
[SourceTitle "EXT 2011"]
[Source "ChessBase"]
[SourceDate "2010.11.26"]
[SourceVersion "1"]
[SourceVersionDate "2010.11.26"]
[SourceQuality "1"]

1. Nf3 d5 2. c4 e6 3. d4 c5 4. cxd5 exd5 5. g3 Nc6 6. Nc3 Nf6 7. Bg2 Be7 8. 0-0 0-0 9. Bg5 c4 10. Ne5 Be6 11. Qd2 h6 12. Bxf6 Bxf6 13. f4 Ne7 14. e3 Qc7 15. Qe2 Rad8 16. Rac1 Bxe5 17. fxe5 Bf5 18. Nxd5 Rxd5 19. Bxd5 Bd3 20. Qxd3 cxd3 21. Bxf7+ Rxf7 22. Rxc7 d2 23. Rd1 Nd5 24. Rxf7 1-0